000 01342nam a22003617a 4500
003 CHAP
005 20220329143624.0
008 101020s2008 mx a r 00010 spa d
010 _a99465
011 _a100437
035 _a111123
040 _cCHAP
090 _aTesis
100 1 _aSantamaria Cornelio, Erik Favio
_9102274
245 1 0 _aEvaluación de los bloques de melaza - urea en el comportamiento productivo de corderos en engorda
_c/por Erik Favio Santamaría Cornelio
260 _aCocula, Gro. :
_bEl autor,
_c2008
300 _aiv, 31 h. :
_bilus., gráfs.
502 _aTesis (Ing. Agr. Zootecnista) -- CSAEGRO. Centro de Estudios Profesionales
590 _aALEPH
_b10
_c20130110
_lUCH01
_h1536
590 _aBATCH-UPD
_b10
_c20130110
_lUCH01
_h1157
590 _aBATCH-UPD
_b10
_c20130410
_lUCH01
_h0740
590 _aBATCH-UPD
_b10
_c20130914
_lUCH01
_h1513
590 _aCONVERSION
_b10
_c20130109
_lUCH01
_h1355
650 1 4 _aAlimentos y alimentacion del ganado.
_94326
650 1 4 _aGanado lanar
_xEngorda.
_945175
650 1 4 _aGanado lanar
_zGuerrero.
_945235
650 1 4 _aGanado pelibuey.
_945326
650 1 4 _aMelaza en alimentación animal.
_974315
650 1 4 _aUrea en alimentación animal.
_9116890
901 _aBK
942 _cTESIS
949 _aTesis
_bBC
_cTES
_d33724002108918
_eTS1
_gDonaciØn
_h51149
_i111123
_sb
999 _c99465
_d99465